00843cam a2200265 i 4500001000200000003000900002005001700011008002800028010000600056020001500062040003200077082002400109100002500133245003400158260004000192300002100232586003200253590004900285650002700334655002600361910004000387942001200427952012100439999001700560 DO-SdBNP20240126124523.0791003s2005 xx 000 1 eng  a  a0385339453 aBPMSU bspacBPMSUd d d  4a813bS631f 20052221 aSlaughter, Karin d 10aFaithless /cKarin Slaughter  aNew York :bDelacorte Press ,c2005 a410 p. ;c24 cm. aNew York Times Bestselling  6Inventariado, 2022/VMaInventariado, 2024/VM 4aNovela estadounidense  4aNovela histórica2  aVMateo V. Control de calidad. BPMSU 2ddccBK 00102ddc40708CGaBPMETbBPMETd2024-01-26l0oBPMSU CG 813 S631f 2005pBPMSU24010047r2024-01-26w2024-01-26yBK c14546d14546